[Event "ODJM B 2024"]
[Site "Willingen GER"]
[Date "2024.05.20"]
[Round "3"]
[White "Böttcher, Tim"]
[Black "Klein, Raphael"]
[Result "0-1"]
[Termination "normal"]
[Board "24"]
[WhiteElo "1699"]
[BlackElo "1673"]
[WhiteClock "00:59:47"]
[BlackClock "00:20:51"]
[PlyCount "96"]
[WhiteFideId "16278550"]
[BlackFideId "16283791"]
[EventCountry "GER"]
[EventRounds "9"]
[EventType "swiss"]
[EventDate "2024.05.18"]

1. b3 {[%clk 01:30:58]} {[%emt 00:00:01]} e5 {[%clk 01:30:55]} {[%emt
00:00:06]} 2. Bb2 {[%clk 01:31:14]} {[%emt 00:00:13]} Nc6 {[%clk 01:31:20]}
{[%emt 00:00:06]} 3. g3 {[%clk 01:30:53]} {[%emt 00:00:51]} d5 {[%clk
01:31:28]} {[%emt 00:00:22]} 4. Bg2 {[%clk 01:31:10]} {[%emt 00:00:12]} f5
{[%clk 01:30:28]} {[%emt 00:01:30]} 5. c4 {[%clk 01:30:20]} {[%emt 00:01:21]}
d4 {[%clk 01:27:40]} {[%emt 00:03:17]} 6. d3 {[%clk 01:28:51]} {[%emt
00:01:59]} Nf6 {[%clk 01:22:00]} {[%emt 00:06:10]} 7. Nf3 {[%clk 01:24:14]}
{[%emt 00:05:07]} Bb4+ {[%clk 01:19:17]} {[%emt 00:03:13]} 8. Nbd2 {[%clk
01:18:18]} {[%emt 00:06:26]} e4 {[%clk 01:17:01]} {[%emt 00:02:47]} 9. dxe4
{[%clk 01:18:25]} {[%emt 00:00:22]} fxe4 {[%clk 01:17:15]} {[%emt 00:00:16]}
10. Ng5 {[%clk 01:16:44]} {[%emt 00:02:12]} e3 {[%clk 01:17:07]} {[%emt
00:00:38]} 11. fxe3 {[%clk 01:16:55]} {[%emt 00:00:19]} dxe3 {[%clk 01:16:50]}
{[%emt 00:00:47]} 12. O-O {[%clk 01:16:53]} {[%emt 00:00:31]} exd2 {[%clk
01:05:28]} {[%emt 00:11:52]} 13. Bxf6 {[%clk 01:15:48]} {[%emt 00:01:34]} gxf6
{[%clk 01:01:39]} {[%emt 00:04:20]} 14. Ne4 {[%clk 01:16:02]} {[%emt 00:00:15]}
O-O {[%clk 00:58:26]} {[%emt 00:03:45]} 15. a3 {[%clk 01:07:01]} {[%emt
00:09:31]} Bd6 {[%clk 00:49:57]} {[%emt 00:08:58]} 16. Qc2 {[%clk 00:54:11]}
{[%emt 00:13:19]} Be5 {[%clk 00:44:22]} {[%emt 00:06:06]} 17. Rad1 {[%clk
00:52:37]} {[%emt 00:02:04]} Nd4 {[%clk 00:40:27]} {[%emt 00:04:25]} 18. Qxd2
{[%clk 00:51:16]} {[%emt 00:01:52]} Bg4 {[%clk 00:39:41]} {[%emt 00:01:15]} 19.
Rf2 {[%clk 00:45:03]} {[%emt 00:06:43]} Nxb3 {[%clk 00:37:01]} {[%emt
00:03:10]} 20. Qxd8 {[%clk 00:41:07]} {[%emt 00:04:26]} Raxd8 {[%clk 00:37:23]}
{[%emt 00:00:08]} 21. Rxd8 {[%clk 00:41:25]} {[%emt 00:00:12]} Rxd8 {[%clk
00:37:45]} {[%emt 00:00:08]} 22. Nxf6+ {[%clk 00:40:46]} {[%emt 00:01:08]} Bxf6
{[%clk 00:37:57]} {[%emt 00:00:18]} 23. Rxf6 {[%clk 00:41:08]} {[%emt
00:00:08]} Kg7 {[%clk 00:35:43]} {[%emt 00:02:45]} 24. Rf4 {[%clk 00:40:54]}
{[%emt 00:00:43]} Rd4 {[%clk 00:31:19]} {[%emt 00:04:55]} 25. Kf2 {[%clk
00:38:21]} {[%emt 00:03:03]} Rxf4+ {[%clk 00:31:02]} {[%emt 00:00:48]} 26. gxf4
{[%clk 00:38:44]} {[%emt 00:00:06]} Nc5 {[%clk 00:29:34]} {[%emt 00:01:58]} 27.
e4 {[%clk 00:38:35]} {[%emt 00:00:39]} Kf6 {[%clk 00:28:57]} {[%emt 00:01:07]}
28. Ke3 {[%clk 00:38:55]} {[%emt 00:00:10]} c6 {[%clk 00:26:46]} {[%emt
00:02:41]} 29. Kd4 {[%clk 00:38:50]} {[%emt 00:00:35]} Ne6+ {[%clk 00:26:47]}
{[%emt 00:00:29]} 30. Ke3 {[%clk 00:39:05]} {[%emt 00:00:15]} Nc5 {[%clk
00:20:52]} {[%emt 00:06:25]} 31. Kd4 {[%clk 00:39:10]} {[%emt 00:00:24]} b6
{[%clk 00:20:45]} {[%emt 00:00:38]} 32. Ke3 {[%clk 00:38:17]} {[%emt 00:01:23]}
Bd7 {[%clk 00:17:44]} {[%emt 00:03:31]} 33. Bf3 {[%clk 00:36:28]} {[%emt
00:02:19]} Be8 {[%clk 00:14:39]} {[%emt 00:03:35]} 34. Bd1 {[%clk 00:36:05]}
{[%emt 00:00:52]} Bf7 {[%clk 00:13:48]} {[%emt 00:01:22]} 35. Bf3 {[%clk
00:35:53]} {[%emt 00:00:41]} Be8 {[%clk 00:06:35]} {[%emt 00:07:44]} 36. Bd1
{[%clk 00:36:01]} {[%emt 00:00:22]} Ne6 {[%clk 00:04:29]} {[%emt 00:02:35]} 37.
Bc2 {[%clk 00:35:29]} {[%emt 00:01:03]} c5 {[%clk 00:03:26]} {[%emt 00:01:33]}
38. h4 {[%clk 00:35:38]} {[%emt 00:00:21]} h6 {[%clk 00:02:08]} {[%emt
00:01:48]} 39. Bd1 {[%clk 00:35:26]} {[%emt 00:00:41]} Nd4 {[%clk 00:02:24]}
{[%emt 00:00:15]} 40. Kd3 {[%clk 00:35:19]} {[%emt 00:00:37]} h5 {[%clk
00:01:40]} {[%emt 00:01:14]} 41. Ke3 {[%clk 00:35:20]} {[%emt 00:00:29]} Nc6
{[%clk 00:25:08]} {[%emt 00:07:01]} 42. Ba4 {[%clk 01:03:18]} {[%emt 00:02:32]}
a6 {[%clk 00:24:04]} {[%emt 00:01:35]} 43. Bc2 {[%clk 01:01:51]} {[%emt
00:01:57]} Na5 {[%clk 00:21:59]} {[%emt 00:02:35]} 44. e5+ {[%clk 01:01:20]}
{[%emt 00:01:01]} Ke6 {[%clk 00:21:57]} {[%emt 00:00:31]} 45. Bd3 {[%clk
01:01:10]} {[%emt 00:00:41]} Nc6 {[%clk 00:21:18]} {[%emt 00:01:10]} 46. Be4
{[%clk 01:00:50]} {[%emt 00:00:49]} Ne7 {[%clk 00:20:31]} {[%emt 00:01:16]} 47.
Kf3 {[%clk 01:00:06]} {[%emt 00:01:15]} Bc6 {[%clk 00:20:32]} {[%emt 00:00:29]}
48. f5+ {[%clk 00:59:47]} {[%emt 00:00:48]} Kxe5 {[%clk 00:20:51]} {[%emt
00:00:12]} 0-1

[Event "ODJM B 2024"]
[Site "Willingen GER"]
[Date "2024.05.20"]
[Round "3"]
[White "Tabales, Lennart"]
[Black "Stettner, Oskar"]
[Result "1-0"]
[Termination "normal"]
[Board "25"]
[WhiteElo "1587"]
[BlackElo "1672"]
[WhiteClock "00:11:12"]
[BlackClock "00:01:42"]
[PlyCount "107"]
[WhiteFideId "34604057"]
[BlackFideId "34617035"]
[EventCountry "GER"]
[EventRounds "9"]
[EventType "swiss"]
[EventDate "2024.05.18"]

1. e4 {[%clk 01:30:58]} {[%emt 00:00:02]} c6 {[%clk 01:30:50]} {[%emt
00:00:10]} 2. d4 {[%clk 01:31:23]} {[%emt 00:00:04]} d5 {[%clk 01:31:19]} 3.
exd5 {[%clk 01:31:47]} {[%emt 00:00:07]} cxd5 {[%clk 01:31:48]} {[%emt
00:00:01]} 4. c4 {[%clk 01:32:10]} {[%emt 00:00:07]} Nf6 {[%clk 01:32:17]}
{[%emt 00:00:01]} 5. Nc3 {[%clk 01:32:33]} {[%emt 00:00:07]} Nc6 {[%clk
01:32:26]} {[%emt 00:00:20]} 6. Nf3 {[%clk 01:32:31]} {[%emt 00:00:32]} Be6
{[%clk 01:32:54]} {[%emt 00:00:02]} 7. cxd5 {[%clk 01:29:20]} {[%emt 00:03:41]}
Nxd5 {[%clk 01:30:23]} {[%emt 00:03:01]} 8. Bb5 {[%clk 01:24:06]} {[%emt
00:05:45]} Qb6 {[%clk 01:20:07]} {[%emt 00:10:46]} 9. Ba4 {[%clk 01:10:27]}
{[%emt 00:14:09]} g6 {[%clk 01:13:13]} {[%emt 00:07:24]} 10. O-O {[%clk
01:03:28]} {[%emt 00:07:28]} Bg7 {[%clk 01:07:00]} {[%emt 00:06:42]} 11. Re1
{[%clk 00:40:52]} {[%emt 00:23:06]} O-O {[%clk 01:04:53]} {[%emt 00:02:38]} 12.
Bxc6 {[%clk 00:40:28]} {[%emt 00:00:54]} Qxc6 {[%clk 01:01:22]} {[%emt
00:04:01]} 13. Nxd5 {[%clk 00:39:10]} {[%emt 00:01:49]} Qxd5 {[%clk 00:55:38]}
{[%emt 00:06:13]} 14. Bf4 {[%clk 00:34:35]} {[%emt 00:05:05]} Rfd8 {[%clk
00:45:57]} {[%emt 00:10:12]} 15. Be5 {[%clk 00:33:46]} {[%emt 00:01:18]} Bxe5
{[%clk 00:34:42]} {[%emt 00:11:45]} 16. Rxe5 {[%clk 00:31:32]} {[%emt
00:02:44]} Qd6 {[%clk 00:34:51]} {[%emt 00:00:22]} 17. Qe2 {[%clk 00:26:19]}
{[%emt 00:05:42]} Rd7 {[%clk 00:31:56]} {[%emt 00:03:26]} 18. Re1 {[%clk
00:21:30]} {[%emt 00:05:19]} Re8 {[%clk 00:27:23]} {[%emt 00:05:03]} 19. a3
{[%clk 00:18:33]} {[%emt 00:03:27]} Bd5 {[%clk 00:25:20]} {[%emt 00:02:33]} 20.
Rd1 {[%clk 00:13:03]} {[%emt 00:06:00]} e6 {[%clk 00:24:13]} {[%emt 00:01:37]}
21. h3 {[%clk 00:09:30]} {[%emt 00:04:02]} Qb6 {[%clk 00:21:47]} {[%emt
00:02:57]} 22. Qd2 {[%clk 00:02:18]} {[%emt 00:07:43]} Red8 {[%clk 00:20:14]}
{[%emt 00:02:02]} 23. Ne1 {[%clk 00:01:52]} {[%emt 00:00:55]} Bb3 {[%clk
00:19:18]} {[%emt 00:01:27]} 24. Rc1 {[%clk 00:01:12]} {[%emt 00:01:11]} Rxd4
{[%clk 00:18:58]} {[%emt 00:00:50]} 25. Qh6 {[%clk 00:01:16]} {[%emt 00:00:25]}
Rd2 {[%clk 00:15:12]} {[%emt 00:04:17]} 26. Qh4 {[%clk 00:01:12]} {[%emt
00:00:32]} Qd6 {[%clk 00:13:14]} {[%emt 00:02:29]} 27. Nf3 {[%clk 00:01:01]}
{[%emt 00:00:41]} Rd1+ {[%clk 00:11:39]} {[%emt 00:02:05]} 28. Rxd1 {[%clk
00:01:25]} {[%emt 00:00:06]} Bxd1 {[%clk 00:11:02]} {[%emt 00:01:07]} 29. Re3
{[%clk 00:00:58]} {[%emt 00:00:57]} Bxf3 {[%clk 00:11:11]} {[%emt 00:00:21]}
30. Rxf3 {[%clk 00:01:03]} {[%emt 00:00:25]} Rc8 {[%clk 00:11:10]} {[%emt
00:00:31]} 31. Qg5 {[%clk 00:00:46]} {[%emt 00:00:47]} Qd5 {[%clk 00:07:01]}
{[%emt 00:04:40]} 32. Qf6 {[%clk 00:00:45]} {[%emt 00:00:30]} Rc7 {[%clk
00:07:10]} {[%emt 00:00:21]} 33. Qf4 {[%clk 00:00:42]} {[%emt 00:00:33]} Rd7
{[%clk 00:06:57]} {[%emt 00:00:43]} 34. Qb8+ {[%clk 00:00:59]} {[%emt
00:00:12]} Rd8 {[%clk 00:07:26]} {[%emt 00:00:01]} 35. Qxa7 {[%clk 00:01:00]}
{[%emt 00:00:30]} Rc8 {[%clk 00:06:43]} {[%emt 00:01:14]} 36. Qe3 {[%clk
00:00:53]} {[%emt 00:00:36]} Rc4 {[%clk 00:03:23]} {[%emt 00:03:51]} 37. Qd3
{[%clk 00:00:37]} {[%emt 00:00:45]} Rc1+ {[%clk 00:03:06]} {[%emt 00:00:47]}
38. Kh2 {[%clk 00:01:05]} {[%emt 00:00:02]} Qe5+ {[%clk 00:03:31]} {[%emt
00:00:05]} 39. g3 {[%clk 00:00:54]} {[%emt 00:00:41]} Qxb2 {[%clk 00:03:37]}
{[%emt 00:00:23]} 40. Qd8+ {[%clk 00:00:33]} {[%emt 00:00:52]} Kg7 {[%clk
00:04:06]} {[%emt 00:00:01]} 41. Qd7 {[%clk 00:00:51]} {[%emt 00:00:12]} Kh6
{[%clk 00:16:28]} {[%emt 00:18:08]} 42. Rxf7 {[%clk 00:28:34]} {[%emt
00:02:47]} Rc2 {[%clk 00:10:05]} {[%emt 00:06:53]} 43. Rxh7+ {[%clk 00:27:16]}
{[%emt 00:01:48]} Kg5 {[%clk 00:10:34]} {[%emt 00:00:01]} 44. Qe7+ {[%clk
00:19:32]} {[%emt 00:08:14]} Kf5 {[%clk 00:08:56]} {[%emt 00:02:09]} 45. Rf7+
{[%clk 00:18:17]} {[%emt 00:01:44]} Ke5 {[%clk 00:06:02]} {[%emt 00:03:24]} 46.
Qf6+ {[%clk 00:16:31]} {[%emt 00:02:16]} Kd6 {[%clk 00:05:12]} {[%emt
00:01:20]} 47. Qd8+ {[%clk 00:16:16]} {[%emt 00:00:43]} Ke5 {[%clk 00:05:16]}
{[%emt 00:00:28]} 48. Qb8+ {[%clk 00:14:23]} {[%emt 00:02:23]} Kd4 {[%clk
00:04:16]} {[%emt 00:01:29]} 49. Rd7+ {[%clk 00:14:02]} {[%emt 00:00:51]} Kc5
{[%clk 00:01:32]} {[%emt 00:03:14]} 50. Qd6+ {[%clk 00:14:10]} {[%emt
00:00:22]} Kc4 {[%clk 00:01:48]} {[%emt 00:00:16]} 51. Qxe6+ {[%clk 00:11:25]}
{[%emt 00:03:14]} Kc3 {[%clk 00:01:34]} {[%emt 00:00:44]} 52. Qe5+ {[%clk
00:11:02]} {[%emt 00:00:53]} Kc4 {[%clk 00:01:37]} {[%emt 00:00:27]} 53. Rc7+
{[%clk 00:11:12]} {[%emt 00:00:20]} Kd3 {[%clk 00:01:42]} {[%emt 00:00:25]} 54.
Qe3# {[%emt 00:00:10]} 1-0

[Event "ODJM B 2024"]
[Site "Willingen GER"]
[Date "2024.05.20"]
[Round "3"]
[White "Briese, Paul"]
[Black "Duchstein, Anna"]
[Result "1-0"]
[Termination "normal"]
[Board "26"]
[WhiteElo "1625"]
[BlackElo "1715"]
[WhiteClock "00:12:11"]
[BlackClock "00:20:22"]
[PlyCount "123"]
[WhiteFideId "16273826"]
[BlackFideId "16261372"]
[EventCountry "GER"]
[EventRounds "9"]
[EventType "swiss"]
[EventDate "2024.05.18"]

1. e4 {[%clk 01:30:59]} {[%emt 01:23:11]} d6 {[%clk 01:30:51]} {[%emt
00:00:10]} 2. d4 {[%clk 01:31:20]} {[%emt 00:00:09]} Nf6 {[%clk 01:31:13]}
{[%emt 00:00:08]} 3. Nc3 {[%clk 01:31:38]} {[%emt 00:00:12]} Nbd7 {[%clk
01:31:32]} {[%emt 00:00:11]} 4. Nf3 {[%clk 01:31:39]} {[%emt 00:00:30]} e5
{[%clk 01:31:43]} {[%emt 00:00:19]} 5. Bc4 {[%clk 01:30:52]} {[%emt 00:01:17]}
h6 {[%clk 01:29:27]} {[%emt 00:02:46]} 6. Be3 {[%clk 01:28:43]} {[%emt
00:02:39]} c6 {[%clk 01:29:29]} {[%emt 00:00:28]} 7. a4 {[%clk 01:27:17]}
{[%emt 00:01:56]} a5 {[%clk 01:29:47]} {[%emt 00:00:12]} 8. O-O {[%clk
01:26:56]} {[%emt 00:00:50]} Qc7 {[%clk 01:29:43]} {[%emt 00:00:34]} 9. Nd2
{[%clk 01:24:43]} {[%emt 00:02:43]} Be7 {[%clk 01:29:31]} {[%emt 00:00:42]} 10.
f4 {[%clk 01:23:07]} {[%emt 00:02:06]} Qb6 {[%clk 01:24:46]} {[%emt 00:05:15]}
11. Nb3 {[%clk 01:18:11]} {[%emt 00:05:27]} exf4 {[%clk 01:23:19]} {[%emt
00:01:57]} 12. Bxf4 {[%clk 01:12:25]} {[%emt 00:06:15]} O-O {[%clk 01:21:47]}
{[%emt 00:02:02]} 13. Kh1 {[%clk 01:05:43]} {[%emt 00:07:12]} Re8 {[%clk
01:19:51]} {[%emt 00:02:26]} 14. e5 {[%clk 01:01:51]} {[%emt 00:04:21]} d5
{[%clk 01:15:58]} {[%emt 00:04:24]} 15. Bd3 {[%clk 00:54:48]} {[%emt 00:07:33]}
Nh7 {[%clk 01:14:44]} {[%emt 00:01:44]} 16. Qf3 {[%clk 00:49:42]} {[%emt
00:05:36]} Rf8 {[%clk 01:10:12]} {[%emt 00:05:02]} 17. Qg3 {[%clk 00:49:43]}
{[%emt 00:00:29]} Kh8 {[%clk 01:06:46]} {[%emt 00:03:55]} 18. Rf2 {[%clk
00:45:37]} {[%emt 00:04:36]} Qd8 {[%clk 01:04:36]} {[%emt 00:02:40]} 19. Qe3
{[%clk 00:41:08]} {[%emt 00:05:00]} Bg5 {[%clk 00:57:12]} {[%emt 00:07:53]} 20.
Bxh7 {[%clk 00:39:03]} {[%emt 00:02:35]} Bxf4 {[%clk 00:56:12]} {[%emt
00:01:31]} 21. Rxf4 {[%clk 00:36:42]} {[%emt 00:02:51]} Kxh7 {[%clk 00:56:30]}
{[%emt 00:00:12]} 22. Raf1 {[%clk 00:36:46]} {[%emt 00:00:26]} Qe7 {[%clk
00:54:32]} {[%emt 00:02:21]} 23. Qf2 {[%clk 00:29:16]} {[%emt 00:08:06]} Kg8
{[%clk 00:53:15]} {[%emt 00:01:47]} 24. Re1 {[%clk 00:25:34]} {[%emt 00:04:13]}
Nb6 {[%clk 00:49:00]} {[%emt 00:04:45]} 25. Nc5 {[%clk 00:23:25]} {[%emt
00:02:39]} Be6 {[%clk 00:48:03]} {[%emt 00:01:26]} 26. b3 {[%clk 00:23:04]}
{[%emt 00:00:52]} Rac8 {[%clk 00:44:25]} {[%emt 00:04:08]} 27. Rf1 {[%clk
00:23:02]} {[%emt 00:00:32]} Na8 {[%clk 00:41:58]} {[%emt 00:02:57]} 28. Nxe6
{[%clk 00:22:38]} {[%emt 00:00:53]} Qxe6 {[%clk 00:42:10]} {[%emt 00:00:19]}
29. Qg3 {[%clk 00:21:53]} {[%emt 00:01:15]} Nc7 {[%clk 00:40:07]} {[%emt
00:02:32]} 30. Rf6 {[%clk 00:21:50]} {[%emt 00:00:33]} Qe7 {[%clk 00:33:24]}
{[%emt 00:07:11]} 31. Rxh6 {[%clk 00:20:42]} {[%emt 00:01:40]} Ne6 {[%clk
00:31:39]} {[%emt 00:02:15]} 32. Rh4 {[%clk 00:17:55]} {[%emt 00:03:17]} f6
{[%clk 00:25:57]} {[%emt 00:06:13]} 33. Qg6 {[%clk 00:11:06]} {[%emt 00:07:18]}
Qe8 {[%clk 00:25:30]} {[%emt 00:00:57]} 34. Qh7+ {[%clk 00:10:19]} {[%emt
00:01:18]} Kf7 {[%clk 00:25:48]} {[%emt 00:00:11]} 35. exf6 {[%clk 00:10:33]}
{[%emt 00:00:17]} Rg8 {[%clk 00:22:07]} {[%emt 00:04:10]} 36. Qh5+ {[%clk
00:10:00]} {[%emt 00:01:03]} g6 {[%clk 00:21:42]} {[%emt 00:00:56]} 37. Qh7+
{[%clk 00:10:21]} {[%emt 00:00:08]} Ng7 {[%clk 00:21:42]} {[%emt 00:00:30]} 38.
fxg7+ {[%clk 00:09:55]} {[%emt 00:00:54]} Ke7 {[%clk 00:21:52]} {[%emt
00:00:22]} 39. Re1+ {[%clk 00:10:16]} {[%emt 00:00:10]} Kd7 {[%clk 00:22:14]}
{[%emt 00:00:08]} 40. Rxe8 {[%clk 00:10:34]} {[%emt 00:00:12]} Rcxe8 {[%clk
00:22:36]} {[%emt 00:00:07]} 41. h3 {[%clk 00:10:43]} {[%emt 00:00:21]} g5
{[%clk 00:22:01]} {[%emt 00:01:05]} 42. Rh6 {[%clk 00:10:14]} {[%emt 00:00:58]}
g4 {[%clk 00:21:39]} {[%emt 00:00:54]} 43. hxg4 {[%clk 00:10:01]} {[%emt
00:00:43]} Kc7 {[%clk 00:21:49]} {[%emt 00:00:20]} 44. Qh8 {[%clk 00:10:13]}
{[%emt 00:00:17]} Kd7 {[%clk 00:21:07]} {[%emt 00:01:13]} 45. Qh7 {[%clk
00:09:50]} {[%emt 00:00:53]} Ke7 {[%clk 00:20:56]} {[%emt 00:00:40]} 46. Qf5
{[%clk 00:09:20]} {[%emt 00:01:00]} Kd8 {[%clk 00:19:27]} {[%emt 00:01:59]} 47.
Qf6+ {[%clk 00:09:39]} {[%emt 00:00:12]} Kc8 {[%clk 00:18:54]} {[%emt
00:01:03]} 48. Rh8 {[%clk 00:09:46]} {[%emt 00:00:23]} Rxh8+ {[%clk 00:18:05]}
{[%emt 00:01:19]} 49. gxh8=Q {[%emt 00:00:12]} Rxh8+ {[%emt 00:00:04]} 50.
Qxh8+ {[%clk 00:09:50]} {[%emt 00:00:09]} Kc7 {[%clk 00:18:30]} {[%emt
00:00:06]} 51. Nxd5+ {[%clk 00:10:15]} {[%emt 00:00:05]} cxd5 {[%clk 00:18:42]}
{[%emt 00:00:17]} 52. g5 {[%clk 00:10:37]} {[%emt 00:00:09]} b5 {[%clk
00:18:48]} {[%emt 00:00:24]} 53. g6 {[%clk 00:10:51]} {[%emt 00:00:16]} bxa4
{[%clk 00:18:59]} {[%emt 00:00:19]} 54. bxa4 {[%clk 00:11:01]} {[%emt
00:00:20]} Kd6 {[%clk 00:19:13]} {[%emt 00:00:16]} 55. g7 {[%clk 00:11:27]}
{[%emt 00:00:03]} Ke6 {[%clk 00:19:15]} {[%emt 00:00:29]} 56. g8=Q+ {[%emt
00:00:08]} Kf5 {[%emt 00:00:02]} 57. Qh5+ {[%clk 00:11:32]} {[%emt 00:00:14]}
Ke4 {[%clk 00:19:17]} {[%emt 00:00:28]} 58. Qgg4+ {[%clk 00:11:45]} {[%emt
00:00:17]} Ke3 {[%clk 00:19:37]} {[%emt 00:00:10]} 59. Qhh3+ {[%clk 00:11:53]}
{[%emt 00:00:22]} Kd2 {[%clk 00:19:55]} {[%emt 00:00:11]} 60. Qd3+ {[%clk
00:11:59]} {[%emt 00:00:25]} Kc1 {[%clk 00:20:04]} {[%emt 00:00:22]} 61. Qgd1+
{[%clk 00:12:21]} {[%emt 00:00:08]} Kb2 {[%clk 00:20:22]} {[%emt 00:00:12]} 62.
Qb3# {[%clk 00:12:11]} {[%emt 00:00:09]} 1-0